000 00690nam a2200277Ia 4500
005 20260324114941.0
008 008 260324s9999 xx 000 0 eng d
020 _a9781003006817
037 _aEBOOK
040 _aCRL
040 _beng
040 _cCRL
041 _2eng
041 _aeng
084 _qCRL
100 _aNishu Gupta; Joel Rodrigues; Justin Dauwels
_91152787
245 0 _aAugmented Intelligence Toward Smart Vehicular Applications
260 _bTaylor and Francis
260 _c2020
365 _a
365 _b305
856 _uhttp://www.taylorfrancis.com/books/9781003006817
942 _cEBOOK
999 _c1743288
_d1743288